|
|
|
|
| LEADER |
00000nam a2200000Ii 4500 |
| 001 |
DIGTRINITA0005 |
| 003 |
NyNyDIG |
| 006 |
m o d |
| 007 |
cr ||||||||||| |
| 008 |
130901s2005 dr a ob 000 0 spa d |
| 020 |
|
|
|z 9789993439400
|
| 020 |
|
|
|z 9993439401
|
| 035 |
|
|
|a (OCoLC)888279422
|
| 040 |
|
|
|a DGITA
|b eng
|e pn
|c DGITA
|
| 043 |
|
|
|a nwdr---
|
| 050 |
1 |
4 |
|a BX4705.B55 eBook
|
| 100 |
1 |
|
|a Font-Bernard, R. A.
|
| 245 |
1 |
3 |
|a El Padre Billini :
|b su vida y su obra /
|c R. A. Font-Bernard.
|
| 250 |
|
|
|a 1. ed.
|
| 264 |
|
1 |
|a Santo Domingo, República Dominicana :
|b [Ediciones Librería la Trinitaria],
|c 2005.
|
| 300 |
|
|
|a 1 online resource (72 pages) :
|b ill., port.
|
| 336 |
|
|
|a text
|b txt
|2 rdacontent
|
| 337 |
|
|
|a computer
|b c
|2 rdamedia
|
| 338 |
|
|
|a online resource
|b cr
|2 rdacarrier
|
| 504 |
|
|
|a Includes bibliographical references (p. 67).
|
| 600 |
1 |
0 |
|a Billini, Francisco Javier,
|d 1837-1890.
|
| 610 |
2 |
0 |
|a Catholic Church
|z Dominican Republic
|x Clergy
|v Biography.
|
| 655 |
|
0 |
|a Electronic books.
|
| 791 |
2 |
|
|a Digitalia (Firm),
|e distributor.
|
| 793 |
0 |
|
|g Digitalia eBook Collection:
|a Librería la Trinitaria.
|
| 856 |
4 |
0 |
|3 Digitalia Hispánica
|u https://www.digitaliapublishing.com/a/6234/
|
| 910 |
|
|
|a Premium Collection: 2007-2012
|